|
|
|
|
| LEADER |
007030000a22002410004500 |
| 020 |
|
|
|a 0-19-565452-8
|
| 082 |
|
|
|a 306.095 4 P01
|
| 100 |
|
|
|a Singh, B P; Author
|
| 245 |
|
|
|a India`s culture: the state, the arts and beyond
|
| 250 |
|
|
|
| 260 |
|
|
|a New Delhi, Oxford University Press
|
| 260 |
|
|
|c 2000
|
| 460 |
|
|
|a xviii,208
|
| 465 |
|
|
|a 0.00
|
| 500 |
|
|
|a B P Singh
|
| 500 |
|
|
|a Includes bibliographical references and index
|
| 650 |
|
|
|a Civilization
|
| 650 |
|
|
|a Culture
|
| 650 |
|
|
|a History
|
| 650 |
|
|
|a India
|
| 942 |
|
|
|c BK
|
| 999 |
|
|
|c 32000
|d 32000
|
| 952 |
|
|
|0 0
|1 0
|4 0
|6 306_095000000000000_4_P01
|7 0
|8 ENG
|9 32115
|a MGUL
|b MGUL
|d 2013-07-16
|e 0.00
|l 0
|o 306.095 4 P01
|p 32566
|r 2013-07-16
|w 2013-07-16
|y BK
|